Тайга: повесть

Dades bibliogràfiques
Autor principal: Шишков В. Я Вячеслав Яковлевич
Altres autors: Трушкин В. (автор предисловия)
Idioma:rus
Publicat: Кемерово, Кемеровское кн. изд-во, 1976
Edició:переиздание
Matèries:
Format: MixedMaterials Llibre
KOHA link:https://koha.lib.tpu.ru/cgi-bin/koha/opac-detail.pl?biblionumber=152867

MARC

LEADER 00000nam0a2200000 4500
001 152867
005 20231101221643.0
035 |a (RuTPU)RU\TPU\book\165735 
090 |a 152867 
100 |a 20090205d1976 m y0rusy50 ca 
101 0 |a rus 
102 |a RU 
105 |a y z 000ay 
200 1 |a Тайга  |e повесть  |f В. Я Шишков  |g авт. предисл. В. Трушкин 
205 |a переиздание 
210 |a Кемерово  |c Кемеровское кн. изд-во  |d 1976 
215 |a 160 с. 
610 1 |a советская литература 
610 1 |a Сибирь 
610 1 |a повести 
675 |a Р2  |v 3 
700 1 |a Шишков  |b В. Я  |c русский писатель  |f 1873-1945  |g Вячеслав Яковлевич  |2 stltpush  |3 (RuTPU)RU\TPU\pers\3639  |9 792 
702 1 |a Трушкин  |b В.  |4 080 
801 1 |a RU  |b 63413507  |c 20090205  |g PSBO 
801 2 |a RU  |b 63413507  |c 20090205  |g PSBO 
942 |c BK